| 000 | 01074nam a22002417a 4500 | ||
|---|---|---|---|
| 003 | OSt | ||
| 005 | 20250827181730.0 | ||
| 008 | 240313b ||||| |||| 00| 0 eng d | ||
| 040 | _c0 | ||
| 082 | _aDPer 621.317 Ie21 July 2022 v.37 n. 7 | ||
| 100 |
_aCai, Chansong. _eauthor. _954445 |
||
| 245 |
_aA cost-effective segmented dynamic wireless charging system with stable efficiency and output power / _cChansong Cai, Maryam Saeedifard, Junhua Wang, Pengcheng Zhang, Jiansong Zhao, and Yunshan Hong |
||
| 260 |
_aNew York ; _bThe Institute of Electrical and Electronics Engineers, Inc. , _cJuly 2022. |
||
| 300 |
_avolume 37, pages 8682-8700 : _billustration ; _c28 cm. |
||
| 500 | _aIEEE Transactions on Power Electronics, vol. 37, no. 7, pages 8682-8700, July 2022. | ||
| 700 |
_aCai, Chansong. _eauthor. _954445 |
||
| 700 |
_aSaeedifard, Maryam. _eauthor. _954446 |
||
| 700 |
_aWang, Junhua. _eauthor. _954447 |
||
| 700 |
_aZhang, Pengcheng. _eauthor. _954448 |
||
| 700 |
_aZhao, Jiansong. _eauthor. _954449 |
||
| 700 |
_aHong, Yunshan. _eauthor. _954450 |
||
| 942 |
_2ddc _cPER |
||
| 999 |
_c19635 _d19635 |
||